| 000 | 00922nam a2200241 i 4500 | ||
|---|---|---|---|
| 001 | 99112 | ||
| 003 | ES-MaACL | ||
| 005 | 20230906182436.0 | ||
| 007 | t| | ||
| 008 | 050902s1986 sp ||||1| spa d | ||
| 020 | _a84-505-6552-9 | ||
| 100 | 1 |
_aMartín de la Cruz, José C. _977452 |
|
| 245 | 1 | 0 |
_aPapa Uvas _b: Aljaraque. Huelva / _cJosé C. Martín de la Cruz. |
| 250 | _a1ª ed. | ||
| 260 |
_aMadrid : _bMinisterio de Cultura, Dirección General de Bellas Artes y Archivos, Subdirección General de Arqueologia y Etnografia, _c1986. |
||
| 300 |
_a1 v. : _bil. ; _c29 cm. |
||
| 490 | 1 |
_aExcavaciones arqueológicas en España ; _v149 |
|
| 505 | 8 | _aContiene: V.II.- Campañas de 1981 a 1983 | |
| 710 | 1 |
_aEspaña. _bSubdirección General de Arqueología y Etnografía. _93710 |
|
| 830 | 0 |
_aExcavaciones arqueológicas en España ; _v149 _9177264 |
|
| 852 |
_aES-MaACL _jP-1723 _bR.114899 |
||
| 999 |
_c99112 _d99112 |
||